[Event "World Blitz 2025"]
[Site "Doha QAT"]
[Date "2025.12.29"]
[Round "6.21"]
[White "Duda, Jan-Krzysztof"]
[Black "Grandelius, Nils"]
[Result "1-0"]
[WhiteTitle "GM"]
[BlackTitle "GM"]
[WhiteElo "2729"]
[BlackElo "2664"]
[WhiteFideId "1170546"]
[BlackFideId "1710400"]
[EventDate "2025.12.29"]

1. e4 c5 2. Nf3 e6 3. d4 cxd4 4. Nxd4 Nc6 5. Nc3 Qc7 6. a3 a6 7. Be3 b5 8. Nxc6
Qxc6 9. Qd2 Bb7 10. Bd3 Qc7 11. f3 Nf6 12. O-O-O b4 13. axb4 Bxb4 14. Qe1 O-O
15. Bd2 Qa5 16. Kb1 Rab8 17. Na2 Bxd2 18. Qxd2 Qb6 19. Qb4 Qxb4 20. Nxb4 Bxe4
21. Nxa6 Bxd3 22. Nxb8 Bb5 23. c4 Ba4 24. Nxd7 Nxd7 25. Rd6 Rc8 26. Rc1 Kf8 27.
Rc3 Ke7 28. Ra6 Bc6 29. Kc2 Rc7 30. b4 Ne5 31. Ra5 f6 32. b5 Be8 33. c5 Bg6+ 34.
Kb3 Nd3 35. c6 Kd6 36. Ra8 Ne5 37. Rd8+ Ke7 38. Rd4 Be8 39. b6 Rxc6 40. b7 Rxc3+
41. Kxc3 Nc6 42. Rc4 Nb8 43. Rc8 Na6 44. Ra8 Bc6 45. Rxa6 1-0

[Event "World Blitz 2025"]
[Site "Doha QAT"]
[Date "2025.12.29"]
[Round "6.22"]
[White "Niemann, Hans Moke"]
[Black "Paravyan, David"]
[Result "0-1"]
[WhiteTitle "GM"]
[BlackTitle "GM"]
[WhiteElo "2725"]
[BlackElo "2582"]
[WhiteFideId "2093596"]
[BlackFideId "4194985"]
[EventDate "2025.12.29"]

1. c4 e5 2. Nc3 Nf6 3. Nf3 Nc6 4. e4 Bc5 5. h3 d6 6. d3 a5 7. g3 h6 8. Bg2 Nh7
9. Be3 Bxe3 10. fxe3 Ne7 11. d4 Ng6 12. Qe2 c6 13. O-O-O Qe7 14. Kb1 O-O 15. Ka1
Be6 16. g4 exd4 17. exd4 Nf4 18. Qd2 Nxg2 19. Qxg2 Bxc4 20. Rhe1 b5 21. e5 d5
22. h4 a4 23. g5 h5 24. Ne2 a3 25. b3 Bxe2 26. Qxe2 Rfe8 27. g6 fxg6 28. Rg1 Nf8
29. Qd3 c5 30. dxc5 Qxc5 31. Rc1 Qb4 32. Qxd5+ Kh8 33. Ng5 Ra7 34. Rgf1 Qxh4 35.
Nf7+ Kh7 36. Nd6 Rd7 37. Qc5 Red8 38. Qxa3 Qd4+ 39. Qb2 Ne6 40. Nxb5 Qb4 41. Nd6
Ra8 42. Rc4 Qb6 43. Kb1 Qe3 44. Rd1 Rda7 45. a4 Rb8 46. Nb5 Rf7 47. Qc3 Qe2 48.
Qc2 Qe3 49. Rc6 Rf2 50. Qc3 Qe4+ 51. Qd3 Qxc6 52. Rg1 Nf4 0-1

[Event "World Blitz 2025"]
[Site "Doha QAT"]
[Date "2025.12.29"]
[Round "6.23"]
[White "Yu, Yangyi"]
[Black "Madaminov, Mukhiddin"]
[Result "1-0"]
[WhiteTitle "GM"]
[BlackTitle "GM"]
[WhiteElo "2717"]
[BlackElo "2552"]
[WhiteFideId "8603820"]
[BlackFideId "14210703"]
[EventDate "2025.12.29"]

1. d4 d5 2. c4 e6 3. Nf3 Nf6 4. Nc3 Bb4 5. e3 O-O 6. Bd2 b6 7. Rc1 Bb7 8. cxd5
exd5 9. a3 Be7 10. g3 Nbd7 11. Bg2 a6 12. O-O Ne4 13. Ne2 Bd6 14. Bc3 Re8 15.
Qc2 Nf8 16. Nd2 Nxd2 17. Qxd2 a5 18. Nf4 Bxf4 19. exf4 Qd7 20. Qc2 Re7 21. Rfe1
Rae8 22. h4 Rxe1+ 23. Bxe1 Ne6 24. Bc3 Nd8 25. Bd2 c6 26. Be3 Ba6 27. f5 f6 28.
Qb3 Qa7 29. Bf3 Bc4 30. Rxc4 dxc4 31. Qxc4+ Kh8 32. Bxc6 Nxc6 33. Qxc6 Rd8 34.
d5 Qd7 35. Bxb6 Qxd5 36. Qe6 Qd1+ 1-0

[Event "World Blitz 2025"]
[Site "Doha QAT"]
[Date "2025.12.29"]
[Round "6.24"]
[White "Vetokhin, Savva"]
[Black "Sindarov, Javokhir"]
[Result "1/2-1/2"]
[WhiteTitle "GM"]
[BlackTitle "GM"]
[WhiteElo "2572"]
[BlackElo "2726"]
[WhiteFideId "44144474"]
[BlackFideId "14205483"]
[EventDate "2025.12.29"]

1. d4 Nf6 2. c4 c5 3. d5 b5 4. cxb5 a6 5. e3 axb5 6. Bxb5 Qa5+ 7. Nc3 Bb7 8. Bd2
Qb6 9. Nge2 Nxd5 10. O-O Nxc3 11. Nxc3 e6 12. e4 Nc6 13. Be3 Be7 14. a4 O-O 15.
Qd3 Rfd8 16. Rad1 Qc7 17. Qd2 d6 18. Bf4 Nd4 19. Bc4 Qb6 20. Rfe1 Bc6 21. Ra1
Qb4 22. Qd3 Bf6 23. Be3 Bxa4 24. Nxa4 Rxa4 25. Rec1 Rxa1 26. Rxa1 h6 27. h3 Nc6
28. Qc2 Qxb2 29. Qxb2 Bxb2 30. Ra6 Ne5 31. Be2 Bd4 32. Bxd4 cxd4 33. f4 d3 34.
Bf1 d2 35. Ra1 Rc8 36. Rd1 Nc4 37. Kf2 Kf8 38. Kf3 d5 39. exd5 exd5 40. Bxc4
dxc4 41. Rxd2 c3 42. Rc2 Ke7 43. Ke4 Ke6 44. g4 Rc4+ 45. Ke3 Kd5 46. f5 Ke5 47.
Kd3 Rc7 48. Re2+ Kf4 49. Kc2 Kg3 50. Re3+ Kh4 51. Rf3 f6 52. Re3 h5 53. Re4 hxg4
54. hxg4 Rc5 55. Rd4 Rc7 56. Re4 Rc5 57. Rd4 Re5 58. Kxc3 Re3+ 59. Kd2 Rg3 60.
Ke2 Rxg4 61. Rd7 1/2-1/2

[Event "World Blitz 2025"]
[Site "Doha QAT"]
[Date "2025.12.29"]
[Round "6.25"]
[White "Alekseenko, Kirill"]
[Black "Sapenov, Daniyal"]
[Result "1/2-1/2"]
[WhiteTitle "GM"]
[BlackTitle "IM"]
[WhiteElo "2659"]
[BlackElo "2440"]
[WhiteFideId "4135539"]
[BlackFideId "13728911"]
[EventDate "2025.12.29"]

1. e4 c6 2. d4 d5 3. e5 Bf5 4. Nf3 e6 5. Be2 Ne7 6. O-O c5 7. c3 Nec6 8. Be3
cxd4 9. Nxd4 Nxd4 10. cxd4 Nc6 11. Nc3 h6 12. a3 Be7 13. Rc1 Rc8 14. Qb3 Qd7 15.
Na4 O-O 16. Nc5 Bxc5 17. Rxc5 b6 18. Rcc1 Na5 19. Qb4 Nc4 20. Bxc4 dxc4 21. Rxc4
Rxc4 22. Qxc4 Rc8 23. Qb4 Rc2 24. f3 Qc6 25. h3 Qd5 26. Rf2 Rc4 27. Qd6 Qxd6 28.
exd6 Kf8 29. g4 Bg6 30. d5 exd5 31. Rd2 Rc1+ 32. Kf2 Rc2 33. Rxc2 Bxc2 34. Ke2
Ke8 35. Kd2 1/2-1/2

[Event "World Blitz 2025"]
[Site "Doha QAT"]
[Date "2025.12.29"]
[Round "6.26"]
[White "Drygalov, Sergey"]
[Black "Narayanan, S.L."]
[Result "1/2-1/2"]
[WhiteTitle "GM"]
[BlackTitle "GM"]
[WhiteElo "2571"]
[BlackElo "2616"]
[WhiteFideId "24171743"]
[BlackFideId "5058422"]
[EventDate "2025.12.29"]

1. d4 Nf6 2. c4 d6 3. Nf3 g6 4. Nc3 Bf5 5. h3 Bg7 6. g4 Bd7 7. Bg2 Nc6 8. O-O
O-O 9. b3 Qc8 10. d5 Nd8 11. Bb2 e5 12. dxe6 Nxe6 13. e3 a5 14. Qd2 Nc5 15. Nd5
Nxd5 16. Bxg7 Kxg7 17. cxd5 f5 18. Qd4+ Kg8 19. Nh2 Qd8 20. Rab1 f4 21. exf4 Qf6
22. Qxf6 Rxf6 23. f5 gxf5 24. g5 Rf7 25. a3 Ne4 26. Nf3 a4 27. b4 Nc3 28. Rb2
Nb5 29. Ra1 Re8 30. Bf1 Re4 31. Bd3 Rf4 32. Kg2 Nd4 33. Nd2 Rh4 34. Rc1 f4 35.
Rh1 Bf5 36. Bxf5 Rxf5 37. Nf3 Nxf3 38. Kxf3 Rxd5 39. Rc2 c6 40. Re2 Rxg5 41.
Re8+ Kf7 42. Rb8 b5 43. Rc1 Rd5 44. Rxc6 Rd3+ 45. Ke4 Rxa3 46. Rc7+ Kg6 47. Rg8+
Kf6 48. Rf8+ Ke6 49. Re8+ Kf6 50. Rf8+ Ke6 51. Re8+ 1/2-1/2

[Event "World Blitz 2025"]
[Site "Doha QAT"]
[Date "2025.12.29"]
[Round "6.27"]
[White "Movahed, Sina"]
[Black "Sarana, Alexey"]
[Result "0-1"]
[WhiteTitle "GM"]
[BlackTitle "GM"]
[WhiteElo "2596"]
[BlackElo "2673"]
[WhiteFideId "42520835"]
[BlackFideId "24133795"]
[EventDate "2025.12.29"]

1. e4 c5 2. Nf3 d6 3. d4 cxd4 4. Nxd4 Nf6 5. Nc3 a6 6. Bg5 e6 7. Qf3 h6 8. Bd2
g6 9. O-O-O e5 10. Nde2 Nc6 11. Nd5 Nxd5 12. exd5 Ne7 13. h4 Bg7 14. h5 g5 15.
g4 f5 16. gxf5 Nxf5 17. Ng3 O-O 18. Bd3 Nxg3 19. Qxg3 Qf6 20. Be4 Bf5 21. Bxf5
Qxf5 22. Qb3 b5 23. Be3 Rfc8 24. Qd3 e4 25. Qa3 Be5 26. Kb1 Rc4 27. Qa5 Qc8 28.
Qd2 Kh7 29. f4 exf3 30. Qd3+ Kh8 31. Rdf1 Qg4 32. Qg6 Bg7 33. Rf2 Rf8 34. Rhf1
Qe4 35. Bc1 Qxg6 36. hxg6 g4 37. Rh2 g3 38. Rh3 g2 39. Rd1 f2 0-1

[Event "World Blitz 2025"]
[Site "Doha QAT"]
[Date "2025.12.29"]
[Round "6.28"]
[White "Sevian, Samuel"]
[Black "Peyrer, Konstantin"]
[Result "1-0"]
[WhiteTitle "GM"]
[BlackTitle "IM"]
[WhiteElo "2688"]
[BlackElo "2496"]
[WhiteFideId "2040506"]
[BlackFideId "1640879"]
[EventDate "2025.12.29"]

1. e4 c5 2. Nf3 Nc6 3. Bb5 e5 4. a3 Nf6 5. d3 Bd6 6. O-O O-O 7. Bg5 Nd4 8. Bc4
Ne6 9. Bxf6 Qxf6 10. Nc3 Qd8 11. Nd5 b6 12. c3 Bb7 13. b4 Re8 14. Nd2 Rc8 15.
Re1 a6 16. Ne3 Bf8 17. Bd5 Bc6 18. Ndc4 d6 19. Bxc6 Rxc6 20. Nd5 g6 21. Rb1 b5
22. Nce3 Bh6 23. Ng4 Bg7 24. a4 h5 25. axb5 axb5 26. Nge3 cxb4 27. Rxb4 Rc5 28.
Qb3 Qd7 29. Rb1 Nf4 30. Qd1 Rec8 31. Nb6 Qc6 32. Nxc8 Qxc8 33. Rxb5 Rxb5 34.
Rxb5 Qxc3 35. Nd5 Qxd3 36. Qxd3 Nxd3 37. Rb8+ Bf8 38. Nf6+ Kg7 39. Ne8+ Kh7 40.
Nc7 Be7 41. g3 Nc5 42. h4 Nxe4 43. Nd5 Bf6 44. Rb4 1-0

[Event "World Blitz 2025"]
[Site "Doha QAT"]
[Date "2025.12.29"]
[Round "6.29"]
[White "Giri, Anish"]
[Black "Akobian, Varuzhan"]
[Result "1-0"]
[WhiteTitle "GM"]
[BlackTitle "GM"]
[WhiteElo "2760"]
[BlackElo "2549"]
[WhiteFideId "24116068"]
[BlackFideId "13300580"]
[EventDate "2025.12.29"]

1. c4 e6 2. g3 d5 3. Bg2 c5 4. Nf3 Nc6 5. O-O d4 6. e3 e5 7. exd4 exd4 8. Re1+
Be7 9. d3 Nf6 10. Bf4 O-O 11. Ne5 Nxe5 12. Bxe5 Bd6 13. Bxf6 Qxf6 14. Nd2 Rb8
15. Bd5 Bf5 16. Qf3 b6 17. Ne4 Bxe4 18. Qxf6 gxf6 19. Bxe4 Rfe8 20. Kg2 Re7 21.
Bc6 Rc8 22. Rxe7 Bxe7 23. Bb5 Rd8 24. Re1 Kf8 25. a3 Rd6 26. Re4 Re6 27. Rh4 Kg7
28. Kf1 f5 29. Rf4 Kg6 30. Bd7 Re5 31. g4 fxg4 32. Rxg4+ Rg5 33. Re4 Bd6 34. h4
Re5 35. Rg4+ Kf6 36. Bc6 h5 37. Rg8 Rf5 38. Bd5 Rf4 39. Ra8 Rxh4 40. Rxa7 Be7
41. Rb7 Rf4 42. Rxb6+ Ke5 43. Rb7 Bg5 44. a4 Rf6 45. a5 1-0

[Event "World Blitz 2025"]
[Site "Doha QAT"]
[Date "2025.12.29"]
[Round "6.30"]
[White "Le, Quang Liem"]
[Black "Nguyen, Ngoc Truong Son"]
[Result "1/2-1/2"]
[WhiteTitle "GM"]
[BlackTitle "GM"]
[WhiteElo "2731"]
[BlackElo "2600"]
[WhiteFideId "12401137"]
[BlackFideId "12401110"]
[EventDate "2025.12.29"]

1. d4 Nf6 2. c4 e6 3. Nf3 d5 4. g3 Be7 5. Bg2 O-O 6. O-O dxc4 7. Qc2 a6 8. a4
Bd7 9. Rd1 Bc6 10. Bg5 Nbd7 11. Nbd2 h6 12. Bxf6 Nxf6 13. Nxc4 a5 14. Rac1 Qe8
15. Nfe5 Bd5 16. Nd2 Bxg2 17. Kxg2 Bd6 18. e4 Qe7 19. Nd3 Bb4 20. Nf3 c6 21. Qe2
Rfd8 22. h4 Rac8 23. Rc4 b5 24. Rc2 bxa4 25. Ra1 c5 26. dxc5 Qb7 27. Rxa4 Qb5 1/2-1/2

[Event "World Blitz 2025"]
[Site "Doha QAT"]
[Date "2025.12.29"]
[Round "6.31"]
[White "Nogerbek, Kazybek"]
[Black "Maghsoodloo, Parham"]
[Result "0-1"]
[WhiteTitle "GM"]
[BlackTitle "GM"]
[WhiteElo "2539"]
[BlackElo "2708"]
[WhiteFideId "13710427"]
[BlackFideId "12539929"]
[EventDate "2025.12.29"]

1. Nf3 d5 2. g3 c6 3. Bg2 Bf5 4. O-O Nd7 5. d3 e5 6. Nc3 Ngf6 7. Qe1 h6 8. e4
dxe4 9. dxe4 Be6 10. Qe2 Qc7 11. h3 Bc5 12. Nh4 O-O 13. Kh2 b5 14. Qf3 Rfe8 15.
Nf5 Bf8 16. Be3 a5 17. a3 Rad8 18. Rad1 Kh7 19. a4 b4 20. Nb1 c5 21. Qe2 c4 22.
c3 Nc5 23. Bxc5 Bxc5 24. Ne3 Bxe3 25. Qxe3 Qc6 26. f4 Qxa4 27. Rxd8 Rxd8 28. Qc5
Rd1 29. f5 Bd7 30. Rxd1 Qxd1 31. cxb4 axb4 32. Qxb4 Qxb1 33. Qxc4 Qxb2 34. Qxf7
Bc6 35. Kg1 Bxe4 36. Bxe4 Qd4+ 37. Kh2 Qxe4 38. g4 Qf4+ 39. Kg2 e4 40. Qb3 h5
41. Qg3 Qg5 42. Kf2 hxg4 43. h4 Qxf5+ 44. Ke1 Qf3 45. Qe5 e3 0-1

[Event "World Blitz 2025"]
[Site "Doha QAT"]
[Date "2025.12.29"]
[Round "6.32"]
[White "Rakhmanov, Aleksandr"]
[Black "Martirosyan, Haik M."]
[Result "0-1"]
[WhiteTitle "GM"]
[BlackTitle "GM"]
[WhiteElo "2585"]
[BlackElo "2625"]
[WhiteFideId "4173708"]
[BlackFideId "13306553"]
[EventDate "2025.12.29"]

1. c4 e5 2. Nf3 Nc6 3. d4 exd4 4. Nxd4 Bb4+ 5. Bd2 a5 6. a3 Bc5 7. Nb3 Be7 8.
Nc3 Nf6 9. Bf4 d6 10. e3 O-O 11. Be2 Bd7 12. O-O a4 13. Nd4 Ne5 14. h3 Re8 15.
Nd5 Nxd5 16. cxd5 Ra5 17. Nc2 Bf6 18. Qd2 Rc5 19. Nb4 Ng6 20. Bh2 Qa8 21. Rac1
Qa5 22. Rc2 b6 23. Rfc1 Bf5 24. Rc4 h6 25. Rd1 Ne7 26. Rcc1 Be4 27. f3 Bxd5 28.
Rxc5 Qxc5 29. Na6 Qc6 30. Rc1 Qb7 31. Rxc7 Qa8 32. Bxd6 Be6 33. e4 Rd8 34. Qb4
Nc6 35. Rxc6 Qxc6 36. e5 Bg5 37. f4 Qc1+ 38. Kf2 Bxf4 39. Qxb6 Rc8 40. Nc7 Bd2
41. Nxe6 fxe6 42. Qb7 Be1+ 43. Kf3 Qc2 44. g4 Kh8 45. Qd7 Qb3+ 46. Ke4 Rg8 47.
Qf7 Bd2 48. Qf3 Qd5# 0-1

[Event "World Blitz 2025"]
[Site "Doha QAT"]
[Date "2025.12.29"]
[Round "6.33"]
[White "Alexakis, Dimitris"]
[Black "Jobava, Baadur"]
[Result "0-1"]
[WhiteTitle "GM"]
[BlackTitle "GM"]
[WhiteElo "2544"]
[BlackElo "2568"]
[WhiteFideId "4277023"]
[BlackFideId "13601520"]
[EventDate "2025.12.29"]

1. e4 d6 2. d4 Nf6 3. Nc3 e5 4. Nf3 Nbd7 5. Bc4 Be7 6. O-O O-O 7. a4 c6 8. h3 h6
9. Re1 Re8 10. Ba2 a5 11. Nh4 Nf8 12. Nf3 Ng6 13. d5 Nh7 14. Ne2 Ng5 15. Ng3
Nxf3+ 16. Qxf3 Nh4 17. Qh5 Rf8 18. f4 exf4 19. Bxf4 Ng6 20. Be3 Bh4 21. dxc6
Bxg3 22. Qxg6 Bxe1 23. Bxh6 Qb6+ 24. Kh1 Qxb2 25. Rxe1 Qe5 26. cxb7 Bxb7 27. Rf1
Bxe4 28. Bxf7+ Kh8 29. Bxg7+ Qxg7 30. Qxd6 0-1

[Event "World Blitz 2025"]
[Site "Doha QAT"]
[Date "2025.12.29"]
[Round "6.34"]
[White "Robson, Ray"]
[Black "Kosakowski, Jakub"]
[Result "1/2-1/2"]
[WhiteTitle "GM"]
[BlackTitle "GM"]
[WhiteElo "2650"]
[BlackElo "2549"]
[WhiteFideId "2023970"]
[BlackFideId "1185080"]
[EventDate "2025.12.29"]

1. d4 Nf6 2. c4 e6 3. Nc3 Bb4 4. e3 O-O 5. Bd3 d5 6. a3 Bxc3+ 7. bxc3 dxc4 8.
Bxc4 c5 9. Nf3 Qc7 10. Be2 b6 11. O-O Bb7 12. Bb2 Nbd7 13. Rc1 Rfd8 14. c4 Rac8
15. Re1 h6 16. Qb3 Ne4 17. Red1 Ndf6 18. Ne5 Nd6 19. d5 exd5 20. cxd5 Re8 21.
Bf3 b5 22. Nc6 c4 23. Qb4 Bxc6 24. dxc6 Nfe4 25. Bxe4 Nxe4 26. Qxb5 Qxc6 27.
Qxc6 Rxc6 28. f3 Nd6 29. e4 f6 30. Rd5 Rb8 31. Bd4 Rb3 32. Bc5 Nb5 33. Rxc4 Nxa3
34. Rb4 Rc3 35. Bxa7 Rc1+ 36. Kf2 R6c2+ 37. Kg3 Nc4 38. Rc5 Ne5 39. Rxc2 Rxc2
40. Be3 Kh7 41. h4 h5 42. Rb1 Ra2 43. Rc1 Ra3 44. Bd4 Ng6 45. Rc7 Ra6 46. Bc3
Rb6 47. Kh3 Nf4+ 48. Kh2 Kg6 49. Bd2 Ne6 50. Re7 Rb2 51. Bc3 Rc2 52. Rxe6 Rxc3
53. Kg3 Ra3 54. Kf4 Ra2 55. g3 Ra3 56. Rb6 Ra4 57. Rd6 Rb4 58. Rd7 Ra4 59. g4
hxg4 60. fxg4 Ra1 61. Rd3 Rf1+ 62. Rf3 Ra1 63. Rf2 Rb1 64. h5+ Kh6 65. Rf3 Ra1
66. Rd3 Rf1+ 67. Kg3 Re1 68. Kf3 Rf1+ 69. Kg3 Re1 70. Kf4 Rf1+ 71. Rf3 Ra1 72.
Rf2 Rb1 73. Kg3 Re1 74. Rf4 Rg1+ 75. Kf2 Ra1 76. Rf5 Ra2+ 77. Kg3 Re2 78. Kf3
Re1 79. Rd5 Rf1+ 80. Kg3 Rg1+ 81. Kh3 Re1 82. e5 fxe5 83. Rd6+ Kh7 84. Kh4 e4
85. Kg5 e3 86. Re6 e2 87. Re7 Ra1 88. Rxe2 Ra5+ 89. Kh4 Ra4 90. Re6 Rb4 91. Re5
Ra4 92. Kg5 Ra1 93. Rd5 Rb1 94. Rf5 Ra1 95. Re5 Rb1 96. Re6 Rb5+ 97. Kf4 Rb4+
98. Kf5 Rb5+ 99. Re5 Rb7 100. g5 g6+ 101. Kf6 gxh5 102. Re8 Rb6+ 103. Kf7 Rb7+
104. Kf6 Rb6+ 105. Kf7 1/2-1/2

[Event "World Blitz 2025"]
[Site "Doha QAT"]
[Date "2025.12.29"]
[Round "6.35"]
[White "Iturrizaga Bonelli, Eduardo"]
[Black "Bharath, Subramaniyam H"]
[Result "0-1"]
[WhiteTitle "GM"]
[BlackTitle "GM"]
[WhiteElo "2592"]
[BlackElo "2576"]
[WhiteFideId "3901211"]
[BlackFideId "46634827"]
[EventDate "2025.12.29"]

1. c4 e6 2. g3 d5 3. Bg2 Nf6 4. Nf3 Be7 5. O-O O-O 6. b3 b6 7. Bb2 Bb7 8. e3 c5
9. Qe2 Nc6 10. Nc3 dxc4 11. bxc4 Qd7 12. Rfd1 Rfd8 13. d3 Rac8 14. h3 h6 15. Ne1
Na5 16. f4 Bxg2 17. Nxg2 a6 18. a4 Nc6 19. Rd2 e5 20. Rad1 Qxh3 21. Qf3 exf4 22.
Nxf4 Ne5 23. Qg2 Qg4 24. Rf1 Bd6 25. Ncd5 Nxd5 26. Nxd5 Ng6 27. Rdf2 Rf8 28.
Nxb6 Rce8 29. Rf3 Be5 30. Bc1 Ne7 31. a5 Rd8 32. Ba3 Rxd3 33. Bxc5 Bd6 34. Qc2
Qg6 35. Bxd6 Qxd6 36. c5 Qd8 37. c6 Rd2 38. Qc4 Qc7 39. Rf4 Nxc6 40. Rc1 Rd6 41.
Qxa6 Qe7 42. Re1 Qg5 43. Rf3 Nxa5 44. Qa7 Nc6 45. Qc7 Ne5 46. Rf2 Qxg3+ 47. Kf1
Rg6 48. Nd5 Qh3+ 49. Ke2 Qh5+ 50. Kf1 Qh1+ 0-1

[Event "World Blitz 2025"]
[Site "Doha QAT"]
[Date "2025.12.29"]
[Round "6.36"]
[White "Yilmaz, Mustafa"]
[Black "Moussard, Jules"]
[Result "0-1"]
[WhiteTitle "GM"]
[BlackTitle "GM"]
[WhiteElo "2595"]
[BlackElo "2600"]
[WhiteFideId "6302718"]
[BlackFideId "642908"]
[EventDate "2025.12.29"]

1. d4 d5 2. c4 e6 3. Nf3 Nf6 4. Nc3 Be7 5. Bf4 O-O 6. e3 Nbd7 7. c5 Ne4 8. Rc1
c6 9. Be2 g5 10. Bg3 f5 11. Nxe4 dxe4 12. Nd2 f4 13. Nxe4 fxg3 14. hxg3 Rf7 15.
Bc4 Nf8 16. Rh6 Rg7 17. Qh5 b6 18. Ke2 a5 19. Rh1 Ba6 20. Bxa6 Rxa6 21. Qf3 bxc5
22. dxc5 Ra7 23. Nf6+ Bxf6 24. Rxf6 Rad7 25. Rc1 g4 26. Qf4 Ng6 27. Qg5 h6 28.
Qxg6 Rxg6 29. Rxg6+ Kf7 30. Rxh6 Rd2+ 31. Ke1 Qd3 0-1

[Event "World Blitz 2025"]
[Site "Doha QAT"]
[Date "2025.12.29"]
[Round "6.37"]
[White "Kozak, Adam"]
[Black "Rapport, Richard"]
[Result "1/2-1/2"]
[WhiteTitle "GM"]
[BlackTitle "GM"]
[WhiteElo "2546"]
[BlackElo "2741"]
[WhiteFideId "753246"]
[BlackFideId "738590"]
[EventDate "2025.12.29"]

1. Nf3 Nf6 2. b3 d6 3. d4 g6 4. Bb2 Bg7 5. g3 b5 6. Bg2 Bb7 7. O-O O-O 8. Qd3 a6
9. c4 Be4 10. Qd1 bxc4 11. bxc4 Nbd7 12. Nbd2 Bb7 13. Qc2 Rb8 14. Rab1 Bxf3 15.
Nxf3 c5 16. dxc5 Nxc5 17. Nd4 Qd7 18. Nc6 Rbc8 19. Nb4 a5 20. Bxf6 Bxf6 21. Nd5
Qe6 22. a4 Nd7 23. Rb5 Rc5 24. Rfb1 Rfc8 25. Rxc5 Rxc5 26. Rb5 Qe5 27. Bf3 e6
28. Nf4 Qd4 29. Rxc5 Nxc5 30. Kg2 Qb2 31. Qd1 Qd4 32. Qc2 Qa1 33. Bc6 Bd4 34.
Nd3 Nxd3 35. Qxd3 Bc5 36. Qc2 Qe1 37. e3 h5 38. h4 Bb4 39. Bf3 Qa1 40. Be4 Kg7
41. Bf3 f5 42. Bc6 Kf6 43. Qd3 Bc5 44. Qd2 Bb4 45. Qd4+ Qxd4 46. exd4 Bc3 47. d5
e5 48. Kf3 Bd4 49. Ke2 e4 50. Be8 Kg7 51. Kf1 Kh6 52. Bd7 Bc5 53. Ke2 Kg7 54.
Be8 Bd4 55. Kf1 Kf6 56. Ke2 Bc3 57. Kf1 f4 58. gxf4 Bd2 59. f3 Bxf4 60. fxe4 Bg3
61. Kg2 Bxh4 62. e5+ Kxe5 1/2-1/2

[Event "World Blitz 2025"]
[Site "Doha QAT"]
[Date "2025.12.29"]
[Round "6.38"]
[White "Santos Latasa, Jaime"]
[Black "Materia, Marco"]
[Result "1-0"]
[WhiteTitle "GM"]
[BlackTitle "IM"]
[WhiteElo "2616"]
[BlackElo "2497"]
[WhiteFideId "2293307"]
[BlackFideId "45150451"]
[EventDate "2025.12.29"]

1. e4 c5 2. Nf3 e6 3. g3 Nc6 4. Bg2 Nf6 5. d3 d5 6. Qe2 Be7 7. a4 O-O 8. O-O
dxe4 9. dxe4 e5 10. c3 Qc7 11. Na3 Be6 12. Nd2 Na5 13. Nac4 Rfd8 14. f4 exf4 15.
gxf4 Nxc4 16. Nxc4 Bf8 17. Kh1 Re8 18. Ne3 Rad8 19. Bd2 Bb3 20. e5 Nd5 21. c4
Nxe3 22. Bxe3 Qd7 23. Bd5 Bxa4 24. Qg2 Bc6 25. Rad1 Kh8 26. Qe4 f6 27. Rfe1 Qe6
28. Bf2 fxe5 29. Bh4 Rd7 30. fxe5 Be7 31. Kg1 Qh6 32. Bxc6 Rxd1 33. Rxd1 bxc6
34. Bxe7 Qe6 1-0

[Event "World Blitz 2025"]
[Site "Doha QAT"]
[Date "2025.12.29"]
[Round "6.39"]
[White "Bjerre, Jonas Buhl"]
[Black "Amar, Elham"]
[Result "1-0"]
[WhiteTitle "GM"]
[BlackTitle "GM"]
[WhiteElo "2623"]
[BlackElo "2592"]
[WhiteFideId "1444948"]
[BlackFideId "1533533"]
[EventDate "2025.12.29"]

1. e4 c5 2. Nf3 b6 3. b3 Bb7 4. Nc3 e6 5. Bb2 Nf6 6. e5 Nd5 7. Nxd5 Bxd5 8. Bd3
Be7 9. Qe2 O-O 10. Be4 Bxe4 11. Qxe4 Nc6 12. O-O-O f5 13. Qe2 a5 14. a4 Rc8 15.
Kb1 c4 16. bxc4 Qc7 17. d4 Nb4 18. d5 Qxc4 19. Qxc4 Rxc4 20. d6 Bd8 21. Rd4 Rc8
22. c3 Na6 23. h4 g6 24. Kc2 h6 25. Ba3 Kg7 26. Nd2 g5 27. h5 f4 28. Rb1 g4 29.
Nc4 Rc6 30. Bc1 Nc5 31. Bxf4 Nxa4 32. Be3 g3 33. fxg3 Kh7 34. g4 Bg5 35. Bxg5
hxg5 36. Kb3 b5 37. Nxa5 Rxc3+ 38. Kb4 Re3 39. Rc1 Rxe5 40. Rc7 Rf7 41. Nc6 Re1
42. Nd8 Rb1+ 43. Ka5 Rg7 44. Re4 Rd1 45. Kxb5 Nb2 46. Nb7 Nd3 47. Rd4 Rb1+ 48.
Ka5 Ne5 49. Nc5 Rg8 50. Rb4 Ra8+ 51. Kb5 Rba1 52. Nxd7 R1a5+ 53. Kb6 R8a6+ 54.
Kb7 Ra7+ 55. Kc8 Ra8+ 56. Nb8+ Kg8 57. d7 Nf7 58. d8=Q+ Nxd8 59. Kxd8 Ra2 60.
Rbb7 Rd2+ 61. Kc8 Rf2 62. Rg7+ Kf8 63. Rgd7 Kg8 64. h6 Rf8+ 65. Rd8 Rxd8+ 66.
Kxd8 e5 67. Kc8 e4 68. Re7 e3 69. Kb7 Ra2 70. Nd7 Rf2 71. Kc6 e2 72. Kd6 Kh8 73.
Kd5 Kg8 74. Kd4 Rf4+ 75. Kd3 e1=Q 76. Rxe1 Kh7 77. Re6 Rf1 78. Ke2 Rf7 79. Ne5
Rf4 80. Ke3 1-0

[Event "World Blitz 2025"]
[Site "Doha QAT"]
[Date "2025.12.29"]
[Round "6.40"]
[White "Mitrabha, Guha"]
[Black "Lobanov, Sergei"]
[Result "0-1"]
[WhiteTitle "GM"]
[BlackTitle "GM"]
[WhiteElo "2508"]
[BlackElo "2527"]
[WhiteFideId "5057000"]
[BlackFideId "24183750"]
[EventDate "2025.12.29"]

1. Nf3 d5 2. g3 Nc6 3. d4 Bf5 4. Bg2 e6 5. O-O Nb4 6. Na3 Nc6 7. Nb1 Nb4 8. Ne1
Be7 9. c3 Nc6 10. Nd2 Nf6 11. Ndf3 Ne4 12. Nd2 Nxd2 13. Bxd2 O-O 14. Nd3 Bd6 15.
Re1 Be4 16. f3 Bxd3 17. exd3 e5 18. dxe5 Nxe5 19. Qe2 c6 20. f4 Nd7 21. Kh1 Re8
22. Qf3 Qb6 23. b3 a5 24. h4 d4 25. Re4 dxc3 26. Bxc3 Nc5 27. Rc4 Na6 28. Qg4
Bf8 29. h5 h6 30. Be4 Qb5 31. a4 Qxb3 32. Qf5 Rxe4 33. Qxe4 Nc5 34. Qd4 Ne6 35.
Qe3 Rd8 36. Rf1 b5 37. Rxc6 b4 38. Be1 Rxd3 39. Qe4 Rd1 40. Kg2 Qxa4 41. Rc8
Qa2+ 42. Bf2 Rxf1 43. Kxf1 b3 44. Rb8 b2 45. Qb7 Qc4+ 46. Kg2 Qb4 47. Qc8 b1=Q
48. Rxb4 Qxb4 49. f5 Qe4+ 0-1

[Event "World Blitz 2025"]
[Site "Doha QAT"]
[Date "2025.12.29"]
[Round "6.41"]
[White "Daneshvar, Bardiya"]
[Black "Matlakov, Maxim"]
[Result "0-1"]
[WhiteTitle "GM"]
[BlackTitle "GM"]
[WhiteElo "2600"]
[BlackElo "2606"]
[WhiteFideId "12576468"]
[BlackFideId "4168003"]
[EventDate "2025.12.29"]

1. e4 c5 2. Nf3 e6 3. c3 Nf6 4. e5 Nd5 5. d4 cxd4 6. cxd4 d6 7. Bc4 dxe5 8. dxe5
b6 9. Bxd5 Bb4+ 10. Bd2 Qxd5 11. O-O Bxd2 12. Qxd2 Bb7 13. Nc3 Qxd2 14. Nxd2 Nd7
15. Rfe1 Ke7 16. Rad1 Rhd8 17. Nb3 a5 18. a3 a4 19. Nd4 Nc5 20. f3 g5 21. Kf2
Ra5 22. Rd2 Rc8 23. Nc2 Nd7 24. Rde2 Rc4 25. Nb4 g4 26. Kg3 gxf3 27. gxf3 Ra8
28. Rd2 Rg8+ 29. Kf2 Rh4 30. Rh1 Nxe5 31. Re2 Bxf3 32. Ncd5+ Kd6 33. Nf6 Rg2+
34. Kf1 Rxe2 0-1